000
00225nam a2200097Ia 4500
008
170619s9999 xx 000 0 und d
100
_a
Dhrma Divakar
245
0
_a
Azadi ke Pachas Varsh
260
_b
Prabha prakashan
260
_c
2001
546
_a
ENGLISH
999
_c
17308
_d
17308